Sports Quiz

Random Sports or Football Quiz
Score 0/35 Timer 10:00
0 Plays Today
% Correct
Chick-fil-A
89.6%
Capital One
88.7%
Buffalo Wild Wings
87.8%
Allstate
86.5%
GoDaddy
86%
AdvoCare V100
84.7%
Outback
83.8%
AT&T
81.5%
Russell Athletic
81.5%
San Diego County Credit Union
81.1%
TaxSlayer
78.4%
Belk
78.4%
AutoZone
77.9%
Idaho Potato Commission
77%
New Era
75.2%
Northwestern Mutual
74.8%
Franklin American Mortgage
73.9%
R+L Carriers
73.4%
% Correct
TicketCity
71.6%
VIZIO
71.6%
Gildan
70.7%
Valero
70.3%
Duck Commander
67.6%
Popeye's
65.3%
Foster Farms
64.4%
Hyundai
64%
Royal Purple
62.6%
Quick Lane
61.7%
Northrop Grumman
60.8%
Bitcoin
60.8%
Goodyear
60.4%
Zaxby's
57.2%
Raycom Media
56.8%
Lockheed Martin
51.4%
National University
50%
Remove Ads.
Support Sporcle.
Get the best of Sporcle when you Go Orange. This ad-free experience offers more features, more stats, and more fun while also helping to support Sporcle. Thank you for becoming a member.

You're not logged in!

Compare scores with friends on all Sporcle quizzes.
OR
Log In

Show Comments

Extras

Top Quizzes Today


Score Distribution

Your Account Isn't Verified!

In order to create a playlist on Sporcle, you need to verify the email address you used during registration. Go to your Sporcle Settings to finish the process.

Report this User

Report this user for behavior that violates our Community Guidelines.

Details: